[Event "ch-ESP Rapid 2013"]
[Site "Linares ESP"]
[Date "2013.08.27"]
[Round "8.4"]
[White "Ibarra Jerez,JC"]
[Black "Granda Zuniga,J"]
[Result "1/2-1/2"]
[WhiteElo "2538"]
[BlackElo "2664"]

1.e4 c5 2.Nf3 Nc6 3.Nc3 e5 4.Bc4 g6 5.d3 Bg7 6.Ng5 Nh6 7.h4 f6 8.Nf3 d6 9.Nd2 f5
10.exf5 gxf5 11.Qh5+ Kd7 12.Nde4 Qf8 13.Ng5 Nd4 14.Qd1 Kc7 15.Nd5+ Kb8 16.c3 Nc6
17.b4 cxb4 18.cxb4 Ng4 19.b5 Nd4 20.Ba3 b6 21.Nf7 Qxf7 22.Bxd6+ Kb7 23.Nc7 Qxc4
24.dxc4 Rd8 25.Be7 Kxc7 26.Bxd8+ Kxd8 27.O-O Be6 28.Rc1 Rc8 29.Re1 f4 30.Qa4 Rc7
31.c5 bxc5 32.Qa5 c4 33.b6 axb6 34.Qxb6 Kd7 35.a4 Bf8 36.Rxe5 Nf3+ 37.gxf3 Nxe5
38.Qd4+ Bd6 39.Qe4 Nd3 40.Rb1 Nc5 41.Qxh7+ Kc6 42.Qh8 Ra7 43.h5 Bf5 44.Qe8+ Kd5
45.Rb6 Rd7 46.Qg8+ Be6 47.Qg5+ Be5 48.h6 c3 49.Rb1 Kd4 50.Rd1+ Nd3 51.Qg6 Bc4
52.Qe4+ Kc5 53.Rxd3 Bxd3 54.Qxe5+ Kb4 55.Qb8+ Ka3 56.Qc8 c2 57.Qxd7 c1=Q+
58.Kh2 Qc2 59.Qd4 Bc4 60.a5 Ba6 61.Qd6+ Ka4 62.Qxf4+ Kxa5 63.Qg5+ Bb5 64.Kg3 Qb1
65.Qd8+ Ka4 66.Qd4+ Kb3 67.Kf4 Qh1 68.Qg7 Bd3 69.Ke3 Bc2 70.Qf7+ Kb2 71.Qf6+ Kb1
72.Qb6+ Kc1 73.Qf6 Qe1+ 74.Kf4 Qxf2 75.Qa1+ Kd2 76.Qa5+ Kd1 77.Qa1+ Ke2 78.Qe5+ Kf1
79.Qb5+ Ke1 80.Qe5+ Kd2 81.Qa5+ Kc1 82.Qa1+ Bb1 83.Qc3+ Kd1 84.Qb3+ Bc2 85.Qd5+ Kc1
86.Qh5 Qa7 87.Kg3 Qc7+ 88.Kg2 Qe7 89.Kg3 Kd2 90.Qh2+ Kc3 91.Qh5 Bd3 92.Qa5+ Kd4
93.Qa1+ Kd5 94.Qg7 Qe1+ 95.Kf4 Qh4+ 96.Ke3 Bf5 97.Qf7+ Ke5 98.Qg7+ Ke6 99.Qg8+ Ke5
100.Qg7+ Ke6 101.Qg8+ Ke5 102.Qb8+ Ke6 103.Qc8+ Ke5 104.Qc5+ Ke6 105.Qc8+ Ke5
106.Qc5+ Ke6 107.Qc8+ Ke5 108.Qc4  1/2-1/2

[Event "ch-ESP Rapid 2013"]
[Site "Linares ESP"]
[Date "2013.08.27"]
[Round "9.6"]
[White "Granda Zuniga,J"]
[Black "Salgado Lopez,I"]
[Result "1/2-1/2"]
[WhiteElo "2664"]
[BlackElo "2614"]

1.d4 Nf6 2.c4 g6 3.Nc3 d5 4.cxd5 Nxd5 5.e4 Nxc3 6.bxc3 Bg7 7.Bc4 c5 8.Ne2 O-O
9.Be3 Nc6 10.Qd2 Qa5 11.Rd1 cxd4 12.cxd4 Qxd2+ 13.Rxd2 Na5 14.Bd3 Bd7 15.d5 Rfc8
16.Bd4 e6 17.Bxg7 Kxg7 18.dxe6 Bxe6 19.f3 Nc4 20.Bxc4 Rxc4 21.Kf2 Ra4 22.Nc3 Ra3
23.Nd5 Rc8 24.Rb1 b6 25.Rbb2 Rc5 26.Nf4 Bc4 27.Rbc2 Ra4 28.Rd7 Rca5 29.Kg3 b5
30.e5 g5 31.Nd5 Bxd5 32.Rxd5 b4 33.Rxa5 Rxa5 34.Rc4 Rb5 35.Rc7 Rxe5  1/2-1/2

[Event "Karpos Open 2014"]
[Site "Skopje MKD"]
[Date "2014.03.29"]
[Round "1.2"]
[White "Granda Zuniga,J"]
[Black "Berisha,Enver"]
[Result "1-0"]
[WhiteElo "2680"]
[BlackElo "2236"]

1.Nf3 Nf6 2.c4 e6 3.Nc3 d5 4.cxd5 exd5 5.d4 h6 6.Bf4 Bd6 7.e3 O-O 8.Be2 Bxf4
9.exf4 Qd6 10.Ne5 a6 11.O-O b6 12.Bf3 Bb7 13.Qb3 Rd8 14.Rac1 Nc6 15.Rfd1 Ne7
16.g4 Rf8 17.Ne2 Ne4 18.Bg2 Rac8 19.h4 Rcd8 20.f3 Nf6 21.Ng3 Nd7 22.Re1 c5
23.Qe3 cxd4 24.Qxd4 Nc5 25.b4 Ne6 26.Qd2 f6 27.Nd3 Bc8 28.Qe3 Rfe8 29.Kf2 d4
30.Qe4 Nd5 31.Qg6 Ne7 32.Qe4 Nd5 33.Nh5 Bd7 34.Qg6 Qf8 35.f5 Ne7 36.Nxf6+ Qxf6
37.Qxf6 gxf6 38.fxe6 Bb5 39.Nb2 Rc8 40.a4 Rxc1 41.Rxc1 Bc6 42.Bf1 b5 43.axb5 Bxb5
44.Bxb5 axb5 45.Nd3 Ng6 46.Rc6 Ne5 47.Nxe5 fxe5 48.f4 exf4 49.Kf3 Kf8 50.Kxf4 Rd8
51.Rc7 Rd5 52.Ke4 Rd6 53.Ke5 d3 54.Rf7+  1-0

[Event "Karpos Open 2014"]
[Site "Skopje MKD"]
[Date "2014.03.30"]
[Round "2.1"]
[White "Stanojoski,Z"]
[Black "Granda Zuniga,J"]
[Result "1-0"]
[WhiteElo "2415"]
[BlackElo "2680"]

1.e4 c5 2.Nf3 Nc6 3.d4 cxd4 4.Nxd4 Qb6 5.Nb3 g6 6.Nc3 Bg7 7.Be3 Bxc3+ 8.bxc3 Qc7
9.Bd4 Nf6 10.Bxf6 exf6 11.Qd2 O-O 12.O-O-O Re8 13.f3 Ne5 14.Kb2 Re6 15.f4 Nc4+
16.Bxc4 Qxc4 17.Rhe1 b5 18.f5 Re5 19.Qh6 b4 20.Rd3 bxc3+ 21.Rxc3 Qb4 22.Rh3 Qxe1
23.fxg6 fxg6 24.Qxh7+ Kf8 25.Qxg6 Ke7 26.Qg7+ Kd6 27.Qxf6+ Re6 28.Qf4+ Kc6
29.Nd4+  1-0

[Event "Karpos Open 2014"]
[Site "Skopje MKD"]
[Date "2014.03.30"]
[Round "3.42"]
[White "Granda Zuniga,J"]
[Black "Ketzetzis,G"]
[Result "1-0"]
[WhiteElo "2680"]
[BlackElo "2183"]

1.e4 c5 2.Nc3 g6 3.g3 Bg7 4.Bg2 e5 5.d3 Ne7 6.h4 O-O 7.h5 b6 8.hxg6 fxg6
9.Bg5 Rf7 10.Qg4 Nbc6 11.Qh4 Bh8 12.O-O-O b5 13.Nd5 Qf8 14.f4 exf4 15.Nxe7+ Nxe7
16.gxf4 Bb7 17.Nf3 d6 18.Bh3 Bc8 19.Rdg1 Qg7 20.e5 Nf5 21.Bxf5 Bxf5 22.Bf6 Qf8
23.Ng5  1-0

[Event "Karpos Open 2014"]
[Site "Skopje MKD"]
[Date "2014.03.31"]
[Round "4.24"]
[White "Cawdery,D"]
[Black "Granda Zuniga,J"]
[Result "0-1"]
[WhiteElo "2362"]
[BlackElo "2680"]

1.e4 e6 2.d4 d5 3.Nd2 a6 4.Ngf3 c5 5.exd5 exd5 6.c4 Nf6 7.cxd5 Nxd5 8.Bc4 b5
9.Qe2+ Be6 10.Bxd5 Qxd5 11.dxc5 Bxc5 12.O-O O-O 13.Ne4 Bb6 14.Rd1 Qc4 15.Qxc4 bxc4
16.Ne5 Bc7 17.Bf4 Nc6 18.Ng6 hxg6 19.Bxc7 Rfc8 20.Bd6 Bf5 21.Nc3 Ra7 22.Rd2 Rd7
23.Rad1 Re8 24.h3 g5 25.Bc5 Rd3 26.Kh2 f6 27.Na4 Ne5 28.Nb6 g4 29.Nxc4 Rxd2
30.Nxd2 Rd8 31.Be3 Nc4 32.Nxc4 Rxd1 33.hxg4 Bxg4 34.a3 Be6 35.Nb6 Bb3 36.Nc8 Kf7
37.Kg3 Ke6 38.Nb6 Kd6 39.Kg4 g6 40.a4 a5  0-1

[Event "Karpos Open 2014"]
[Site "Skopje MKD"]
[Date "2014.04.01"]
[Round "5.10"]
[White "Granda Zuniga,J"]
[Black "Pavlidis,Ant"]
[Result "1/2-1/2"]
[WhiteElo "2680"]
[BlackElo "2463"]

1.e4 e5 2.Nc3 Nf6 3.g3 d5 4.exd5 Nxd5 5.Bg2 Nxc3 6.bxc3 Bd6 7.Ne2 O-O 8.O-O Nc6
9.Rb1 Ne7 10.c4 c6 11.Bb2 Be6 12.d3 Qd7 13.Re1 Rad8 14.Nc3 f5 15.a4 Ng6 16.Bc1 Bc5
17.Be3 Bxe3 18.Rxe3 Rfe8 19.Qc1 Qc7 20.Qa3 e4 21.Qb4 exd3 22.cxd3 f4 23.gxf4 Bc8
24.Qc5 Nxf4 25.Nd5 Nxd5 26.Rxe8+ Rxe8 27.cxd5 Qe5 28.Rc1 Bd7 29.h4 b6 30.Qc4 cxd5
31.Qxd5+ Qxd5 32.Bxd5+ Be6 33.Be4 Rc8 34.Rb1 Rc5 35.Rb4 h6 36.Kg2 Kf7 37.Kf3 Ke7
38.Ke3 Bd7 39.Bg6 Re5+ 40.Kd2 Ra5 41.Rf4 Rxa4 42.Rf7+ Kd6 43.h5 Ra5 44.f4 Bg4
45.Rxg7 Bxh5 46.Be4 b5 47.Rh7 b4 48.Rxh6+ Ke7 49.Rh7+ Kf6 50.Rb7 Ra2+ 51.Ke3 Re2+
52.Kd4 Rf2 53.Rxb4 Rxf4 54.Ra4 Bf3 55.Ra6+ Kg5 56.Rg6+ Kh5 57.Rg7 a5 58.Ke5 Bxe4
59.dxe4 Rf8 60.Ra7 Kg6 61.Kd6 Rf6+ 62.Kd5 Rf7 63.Rxa5 Re7 64.Ra6+ Kf7 65.e5 Rd7+
66.Ke4 Rd1  1/2-1/2

[Event "Karpos Open 2014"]
[Site "Skopje MKD"]
[Date "2014.04.03"]
[Round "7.36"]
[White "Granda Zuniga,J"]
[Black "Dinev,De"]
[Result "1-0"]
[WhiteElo "2680"]
[BlackElo "2342"]

1.e4 c5 2.Nc3 Nc6 3.g3 g6 4.Bg2 Bg7 5.d3 Nf6 6.f4 d6 7.Nf3 O-O 8.O-O a6 9.h3 Rb8
10.g4 e6 11.Ne2 Nd4 12.Nexd4 cxd4 13.Qe2 b5 14.Qf2 Qb6 15.Qxd4 Qc7 16.Qf2 Bb7
17.Be3 Rfc8 18.c3 Nd7 19.Rad1 Qa5 20.a3 Qa4 21.f5 exf5 22.exf5 Bxf3 23.Qxf3 Ne5
24.Qd5 gxf5 25.d4 Nc4 26.Bc1 fxg4 27.Be4 Rc7 28.Qf5 Re8 29.Qxh7+ Kf8 30.Rde1 Re6
31.Bc2 Rxe1 32.Rxe1  1-0

[Event "Karpos Open 2014"]
[Site "Skopje MKD"]
[Date "2014.04.04"]
[Round "8.19"]
[White "Abramovic,B"]
[Black "Granda Zuniga,J"]
[Result "0-1"]
[WhiteElo "2437"]
[BlackElo "2680"]

1.Nf3 d5 2.g3 c6 3.Bg2 Bg4 4.d3 Nd7 5.Nbd2 e5 6.h3 Be6 7.e4 dxe4 8.Nxe4 h6
9.O-O Qc7 10.Re1 O-O-O 11.c3 f5 12.Ned2 Ngf6 13.Nxe5 Nxe5 14.d4 Nfd7 15.f4 Nd3
16.Rxe6 g5 17.Nf3 N7c5 18.Re2 gxf4 19.Bxf4 Nxf4 20.gxf4 Qxf4 21.Ne5 Bd6 22.Qc2 Bxe5
23.Rxe5 Ne4 24.Bxe4 fxe4 25.Qxe4 Rhg8+ 26.Kh1 Qg3 27.Qf5+ Kb8 28.Re2 Ka8
29.Rf1 a6 30.Qf3 Qd6 31.Re5 Rdf8 32.Qe2 Rd8 33.Qf3 Rg6 34.Rfe1 Ka7 35.Qe3 Rdg8
36.Qe4 Rg3 37.Kh2 Qf6 38.Rf5 Rg2+ 39.Kh1 Qg6 40.Ref1 Rh2+ 41.Kxh2 Qg3+  0-1

[Event "Karpos Open 2014"]
[Site "Skopje MKD"]
[Date "2014.04.05"]
[Round "9.10"]
[White "Granda Zuniga,J"]
[Black "Semcesen,D"]
[Result "1-0"]
[WhiteElo "2680"]
[BlackElo "2502"]

1.f4 d5 2.Nf3 g6 3.d4 Bg7 4.Nc3 Nf6 5.Be3 O-O 6.Qd2 a6 7.h3 Ne4 8.Nxe4 dxe4
9.Ne5 f6 10.Ng4 Be6 11.g3 Nd7 12.Bg2 Rb8 13.d5 Bf7 14.f5 Nb6 15.Nh6+ Kh8
16.Nxf7+ Rxf7 17.Bxb6 cxb6 18.Bxe4 Qd6 19.O-O-O Qe5 20.Qd3 gxf5 21.Bxf5 b5
22.Kb1 Bh6 23.Rhf1 Rg7 24.Rf3 b4 25.Qe4 Qxe4 26.Bxe4 Rgg8 27.Bf5 a5 28.Rd4 Rgd8
29.Rfd3 b5 30.Rh4 Kg7 31.Rdd4 Rh8 32.Rde4 Rb7 33.Rh5 Bd2 34.Rg4+ Kf8 35.Rxh7 Rxh7
36.Bxh7 e6 37.Rg8+ Kf7 38.e4 exd5 39.exd5 Re7 40.c3 bxc3 41.bxc3 Bxc3 42.Rc8 Re1+
43.Kc2 Be5 44.Bd3 Ra1 45.Bxb5 Rxa2+ 46.Kd3 Ra3+ 47.Ke4 Rxg3 48.Bd7 a4 49.Be6+ Ke7
50.Ra8 a3 51.h4 Bb2 52.Ra7+ Kd6 53.Ra6+ Ke7 54.Bf5 Be5 55.h5 Rb3 56.h6 Rb4+
57.Kd3 Rd4+ 58.Ke2 Rh4 59.h7 Rh2+ 60.Kd3 a2 61.Rxa2  1-0

[Event "III LLucmajor Open 2014"]
[Site "LLucmajor ESP"]
[Date "2014.05.11"]
[Round "1.1"]
[White "Llorens Hofman,I"]
[Black "Granda Zuniga,J"]
[Result "0-1"]
[WhiteElo "2045"]
[BlackElo "2675"]

1.d4 c5 2.d5 e5 3.c4 d6 4.e4 g6 5.Bd3 Bg7 6.Nc3 Ne7 7.Nge2 f5 8.exf5 gxf5
9.Ng3 O-O 10.Nh5 Rf7 11.Nxg7 Rxg7 12.Bh6 Rxg2 13.Qd2 Ng6 14.O-O-O Nd7 15.Bxf5 Nf6
16.Be4 Nxe4 17.Nxe4 Bf5 18.Ng3 Bh3 19.Rdg1 Qh4 20.b3 b5 21.Rxg2 Bxg2 22.Nf5 Qh3
23.Rg1 Qxf5 24.Rxg2 bxc4 25.bxc4 Qe4 26.Rg1 Qxc4+ 27.Qc2 Qxc2+ 28.Kxc2 Kf7
29.Rb1 Nh4 30.Bg5 Nf5 31.Rb7+ Kg6 32.Bd2 e4 33.Bf4 Rf8 34.Kd2 Rf7 35.Rb8 Kh5
36.Rd8 Rf6 37.Rd7 Kg4 38.Be3 Kf3 39.Rxh7 Nxe3 40.fxe3 Rf5 41.Rh3+ Kf2 42.Kc3 Rxd5
43.Kc4 Rd3 44.Rh7 Kxe3 45.Rxa7 Kd2 46.a4 e3 47.Re7 Rd4+ 48.Kb5 Rb4+ 49.Kc6 Rxa4
50.Rb7 e2 51.Rb2+ Ke3 52.Rb1 Rd4 53.h4 Rd1  0-1

[Event "III LLucmajor Open 2014"]
[Site "LLucmajor ESP"]
[Date "2014.05.11"]
[Round "2.1"]
[White "Granda Zuniga,J"]
[Black "Santos Ruiz,Miguel"]
[Result "1-0"]
[WhiteElo "2675"]
[BlackElo "2352"]

1.d4 Nf6 2.c4 c5 3.Nf3 cxd4 4.Nxd4 e5 5.Nb5 d5 6.cxd5 Bc5 7.e3 O-O 8.N5c3 e4
9.Nd2 Qe7 10.a3 Rd8 11.b4 Bd6 12.Bb2 Bf5 13.Nc4 Bc7 14.Qb3 a6 15.Rd1 b5 16.Na5 Bd6
17.h3 h5 18.Ne2 h4 19.Nd4 Bd7 20.Be2 Ra7 21.Rd2 Nh7 22.Bg4 Qg5 23.Ne6 Bxe6
24.dxe6 Nf6 25.exf7+ Kf8 26.Qd1 Nxg4 27.Rxd6  1-0

[Event "III LLucmajor Open 2014"]
[Site "LLucmajor ESP"]
[Date "2014.05.12"]
[Round "3.1"]
[White "Castellanos Rodriguez,R"]
[Black "Granda Zuniga,J"]
[Result "1-0"]
[WhiteElo "2474"]
[BlackElo "2675"]

1.e4 c5 2.Nf3 Nc6 3.d4 cxd4 4.Nxd4 Qb6 5.Nb3 e6 6.Nc3 Nf6 7.a3 Qc7 8.Bd3 a6
9.f4 d6 10.Qf3 g6 11.Be3 Bg7 12.O-O O-O 13.Kh1 Rb8 14.a4 b6 15.Qh3 Nb4 16.Qh4 Qe7
17.Bd2 Nfd5 18.Qg3 Nxd3 19.cxd3 Nxc3 20.Bxc3 e5 21.Nd2 b5 22.axb5 Rxb5 23.Nc4 Rd8
24.Ne3 Bb7 25.h3 exf4 26.Qxf4 Be5 27.Qh6 Rf8 28.Rf2 f5 29.exf5 Bxc3 30.bxc3 gxf5
31.Raf1 Bc8 32.c4 Re5 33.Nd5 Qe6 34.Qf4 Kh8 35.Qd4 Rf7 36.Rb1 Bb7 37.Nf4 Qf6
38.Kh2 Ree7 39.Qxf6+ Rxf6 40.Rb6 Rd7 41.c5  1-0

[Event "III Llucmajor Open 2014"]
[Site "Llucmajor ESP"]
[Date "2014.05.14"]
[Round "5.6"]
[White "Granda Zuniga,J"]
[Black "Galiana Salom,J"]
[Result "1-0"]
[WhiteElo "2675"]
[BlackElo "2245"]

1.Nf3 f5 2.d4 c6 3.Nc3 Nf6 4.Bg5 Ne4 5.Nxe4 fxe4 6.Nd2 Qa5 7.Bf4 d6 8.e3 Nd7
9.Bc4 Nf6 10.O-O g5 11.b4 Qf5 12.Bg3 Be6 13.Be2 h5 14.f3 h4 15.fxe4 Qg6 16.Be1 g4
17.Bd3 Qh6 18.Qe2 Bg7 19.c4 Bf7 20.c5 dxc5 21.bxc5 Bh5 22.g3 O-O 23.Rb1 Rab8
24.Nc4 Nd7 25.e5 Rf3 26.gxh4 Rxf1+ 27.Qxf1 b5 28.cxb6 axb6 29.Qf4 b5 30.Nd2 Nb6
31.Qg5 Ra8 32.Bc2 Bf7 33.Bb3 Bxb3 34.axb3 Nd5 35.Rc1 Nxe3 36.Ne4 Nf5 37.Bf2 Rf8
38.Rc3 Qe6 39.Nc5 Qf7 40.Qxg4 Ne3 41.Qe6 Nd5 42.Rf3 Qxe6 43.Rxf8+ Bxf8 44.Nxe6 Bh6
45.Kg2 Bd2 46.Kf3 Ba5 47.Ke4 Bb6 48.Kf5  1-0

[Event "III Llucmajor Open 2014"]
[Site "Llucmajor ESP"]
[Date "2014.05.15"]
[Round "6.3"]
[White "Ninov,N"]
[Black "Granda Zuniga,J"]
[Result "0-1"]
[WhiteElo "2462"]
[BlackElo "2675"]

1.e4 c5 2.Nf3 e6 3.d4 cxd4 4.Nxd4 a6 5.c4 Nf6 6.Nc3 d6 7.Be2 Be7 8.O-O O-O
9.Be3 b6 10.Qd2 Bb7 11.f3 Nbd7 12.Rfc1 Qb8 13.b4 Rc8 14.Na4 Bd8 15.Nb3 Bc6
16.Nc3 Ne5 17.Rab1 Be8 18.Nd1 b5 19.c5 d5 20.exd5 Nxd5 21.Bf2 Bc7 22.g3 Rd8
23.Qe1 Qb7 24.Nd4 Nc6 25.Nc2 Be5 26.f4 Bf6 27.Bf3 Qc8 28.Nce3 Nd4 29.Bg2 Nxe3
30.Nxe3 Bc6 31.Ng4 Bxg2 32.Nxf6+ gxf6 33.Bxd4 Rxd4 34.Kxg2 Qc6+ 35.Kf2 Qd5
36.Rb2 Rd8 37.Rbc2 Kg7 38.Re2 h5 39.a3 Rd3 40.c6 h4 41.c7 h3 42.Re4 Rd2+
43.Kf3 Qh5+ 44.g4 R8d3+ 45.Re3 Qd5+ 46.Kg3 Qe4 47.Qxd2 Rxe3+ 48.Kf2 Qxf4+
49.Kg1 Rg3+  0-1

[Event "III Llucmajor Open 2014"]
[Site "Llucmajor ESP"]
[Date "2014.05.16"]
[Round "7.2"]
[White "Granda Zuniga,J"]
[Black "Solodovnichenko,Y"]
[Result "1/2-1/2"]
[WhiteElo "2675"]
[BlackElo "2574"]

1.Nf3 c5 2.c4 Nf6 3.Nc3 e6 4.g3 b6 5.Bg2 Bb7 6.O-O Be7 7.d4 cxd4 8.Qxd4 O-O
9.Rd1 d6 10.b3 Nbd7 11.Bb2 a6 12.e4 Qc7 13.Qe3 Rfe8 14.h3 Bf8 15.Rac1 Rad8
16.Qf4 Qb8 17.Bf1 h6 18.Nd2 g6 19.Re1 Bg7 20.Rcd1 Ne5 21.Ba1 Bc6 22.Nf3 Ned7
23.b4 Bb7 24.a3 Nh5 25.Qd2 Nhf6 26.Re3 Qa8 27.Qe1 Bf8 28.Nh4 Rc8 29.f4 Rc7
30.e5 dxe5 31.fxe5 Nh7 32.Ne4 Bxe4 33.Rxe4 Ng5 34.Re3 Bg7 35.Kh2 Rec8 36.Be2 a5
37.Ng2 axb4 38.axb4 Nb8 39.h4 Nh7 40.Bc3 Nc6 41.Rd6 Qb8 42.Re4 Ra7 43.Qd2 Nf8
44.Kh3 Ra3 45.b5 Ne7 46.Bb4 Ra1 47.Ne3 Nf5 48.Nxf5 exf5 49.Re3 Ne6 50.Qd5 Re8
51.Bf3 f4 52.Re1 fxg3 53.Re4 Rb1 54.Bd2 Rb3 55.Kg2 Nc5 56.Re2 Rd3 57.Qc6 Rxe5
58.Rxe5 Bxe5 59.Rxd3 Nxd3 60.Bd5 Kg7  1/2-1/2

[Event "III Llucmajor Open 2014"]
[Site "Llucmajor ESP"]
[Date "2014.05.17"]
[Round "8.2"]
[White "Andersen,Mad"]
[Black "Granda Zuniga,J"]
[Result "0-1"]
[WhiteElo "2452"]
[BlackElo "2675"]

1.Nf3 d5 2.g3 c6 3.Bg2 Bg4 4.c4 e6 5.O-O Nd7 6.cxd5 exd5 7.d3 Bc5 8.Nc3 Ngf6
9.h3 Bh5 10.e4 dxe4 11.dxe4 O-O 12.Re1 Re8 13.Bf4 Nf8 14.g4 Bg6 15.Qc2 Ne6
16.Bg3 Qa5 17.Rad1 Rad8 18.Nh4 Bd4 19.Nxg6 hxg6 20.e5 Nd7 21.Qb3 Nec5 22.Qc2 Ne6
23.Qb3 Nxe5 24.Bxe5 Bxe5 25.Qxb7 Nd4 26.Kh1 Kf8 27.f4 Qc7 28.Qxc7 Bxc7 29.Rxe8+ Kxe8
30.Rf1 f5 31.Rf2 Kf7 32.Bf1 Ne6 33.Bc4 Rd4 34.b3 Rd6 35.Re2 Kf6 36.g5+ Ke7
37.Na4 Bb6 38.Nxb6 axb6 39.Kg2 b5 40.Bxe6 Rxe6 41.Rc2 Kd6 42.Kf3 c5 43.Rd2+ Kc6
44.Rc2 Rd6 45.Ke3 Rd1 46.Re2 c4 47.Rc2 Rd3+ 48.Ke2 Kc5 49.h4 Rh3 50.bxc4 bxc4
51.Rd2 Rxh4 52.Rd7 Rxf4 53.Rxg7 Re4+ 54.Kd2 Re6 55.Kc3 f4 56.Rf7 Re3+ 57.Kd2 Ra3
58.Rxf4 Rxa2+ 59.Kc3 Ra3+ 60.Kc2 Rg3 61.Rf8 Rxg5 62.Rd8 Rg2+ 63.Kc3 Rg3+
64.Kc2 g5 65.Rd7 g4 66.Rd8 Rf3 67.Rd7 g3 68.Rd8 Rd3 69.Rg8 Kd5 70.Rg5+ Ke4
71.Rg4+ Kf3 72.Rxc4 Rd5  0-1

[Event "III Llucmajor Open 2014"]
[Site "Llucmajor ESP"]
[Date "2014.05.18"]
[Round "9.1"]
[White "Fedorchuk,S"]
[Black "Granda Zuniga,J"]
[Result "1/2-1/2"]
[WhiteElo "2638"]
[BlackElo "2675"]

1.e4 g6 2.d4 Bg7 3.Nc3 c6 4.Nf3 d6 5.Be3 b5 6.Bd3 Nd7 7.O-O Bb7 8.Qd2 a6
9.a4 b4 10.Ne2 c5 11.c3 Ngf6 12.Bh6 O-O 13.Ng3 c4 14.Bxg7 Kxg7 15.Bxc4 bxc3
16.Qxc3 Nxe4 17.Nxe4 Bxe4 18.d5+  1/2-1/2